000 00753nma a22002057a 4500
005 20210325190314.0
006 g q ||
008 s2529 th thaeng
041 _athaeng
090 _aMAP5236 II
245 1 0 _aอำเภอพนมสารคาม [Map]
260 3 _aกรุงเทพฯ :
_bกรมแผนที่ทหาร,
_c2529
300 _a1 แผ่น (มาตราส่วน 1:
_b50,000)Colour
650 0 4 _aฉะเชิงเทรา -- แผนที่
650 0 4 _aอำเภอพนมสารคาม -- ฉะเชิงเทรา -- แผนที่
850 _aNALT
942 _cCD
997 _c000000000025180
_kVC
998 _aBENJALUCK SUTTHIWILAI
999 _c25180
_d25180